000 01015nam a2200301Ia 4500
003 GCL
008 140319s9999 xx 000 0 ara d
040 _aGCL /
_cGCL
082 0 4 _a577
_bح ب
100 1 _aحسن احمد شحاتة
245 1 0 _aالبئية والمشكلة السكانية /
_cحسن احمد شحاتة
250 _aالاولى
260 _aالقاهرة :
_bمكتبة الدار العربية للكتاب ،
_c2001
300 _a215 ص ؛
_c24 سم
650 0 4 _aتلوث البيئة
650 0 4 _aالانفجار السكانى
650 0 4 _aالغلاف الجوى
650 0 4 _aفيزياء الارض
650 0 4 _aالموارد الطبيعية
650 0 4 _aالمشكلة السكانية
650 0 4 _aالغلاف المائى
650 0 4 _aالبيئة - علم
650 0 4 _aالبيئة - مصر
650 0 4 _aالمشاكل الاجتماعية
650 0 4 _aالغلاف الحيوى
650 0 4 _aالغلاف الصخرى
942 _2ddc
_cBK
999 _c6203
_d6203